000 00771nam a2200265Ia 4500
003 OSt
005 20221006160049.0
006 a|||||r|||| 00| 0
007 ta
008 221006b |||||||| |||| 00| 0 eng d
020 _a9781893996359
_c
_18.00
024 _a44,182
037 _bGift, Korean Embassy (Window on Korea)
_cTextual
040 _aEASL
_cEASL
_beng
041 _2eng
_aeng
082 _aO495,1x, P5
100 _aLee Peter H. Ed.
245 0 _aEchoing song
_bContemporary Korean women poets
260 _aNew York
_bWhite pine press
_c2005
300 _a304p.
_ccm.
490 _v KEL
650 _aKEL
942 _hO495,1x, P5
_cTEXL
_2CC
999 _c1112274
_d1112274